00000000nam 2200000zi 4500
0019.939831
003CaOODSP
00520250611103923
006m     o  d f      
007cr cn|||||||||
008240625t20242024onco    ob   f000 0 fre d
020 |a9780660725260
040 |aCaOODSP|bfre|erda|cCaOODSP
043 |an-cn---
0861 |aA72-157/2024F-PDF
24500|aPratiques exemplaires d'engagement des consommateurs en agriculture et agroalimentaire / |cécrit par Crowley + Arklie Strategy & Co.
24617|aPratiques exemplaires d'engagement des consommateurs
264 1|a[Ottawa] : |bAgriculture et agroalimentaire Canada = Agriculture and Agri-Food Canada, |c2024.
264 4|c©2024
300 |a1 ressource en ligne (48 pages) : |bphotographies
336 |atexte|btxt|2rdacontent/fre
337 |ainformatique|bc|2rdamedia/fre
338 |aressource en ligne|bcr|2rdacarrier/fre
500 |aTitre de la couverture.
500 |aPublié aussi en anglais sous le titre : Best practices for consumer engagement in agriculture and agri-food.
504 |aComprend des références bibliographiques.
520 |a« Plusieurs intervenants du secteur agricole, conduit par des travaux de la Table sur la demande des consommateurs et tendances du marché, ainsi que de son Groupe de travail sur l'engagement des consommateurs, ont exprimé le besoin d'un outil portant sur les Pratiques exemplaires pour l'engagement des consommateurs qui ciblerait la façon dont nous engageons avec les consommateurs canadiens. Cet outil s'appuie sur les travaux menés au cours des deux dernières décennies en matière d'acceptabilité sociale et de confiance du public » -- Page 4.
650 6|aConsommateurs|zCanada|xAttitudes.
650 6|aPolitique agricole|zCanada|xOpinion publique.
650 6|aAliments|zCanada|xOpinion publique.
650 6|aOpinion publique|zCanada.
7101 |aCanada. |bAgriculture et agroalimentaire Canada, |eorganisme de publication.
7102 |aCrowley + Arklie Strategy & Co., |econsultant.
77508|tBest practices for consumer engagement in agriculture and agri-food / |w(CaOODSP)9.939830
85640|qPDF|s2.39 Mo|uhttps://publications.gc.ca/collections/collection_2025/aac-aafc/A72-157-2024-fra.pdf
986 |a13230F